Vaterunser-Quiz - Statistiken

Allgemein
  • Dieses Quiz wurde 362 mal gespielt
  • Das Durchschnittsergebnis liegt bei 50 aus 63
Antwortstatistiken
Wörter % Korrekt
uns
100%
uns
100%
uns
100%
uns
100%
Vater
100%
Himmel,
99%
Himmel
99%
unser
99%
Unser
99%
im
97%
im
97%
dein
95%
Dein
95%
Dein
95%
dein
95%
Reich
94%
Reich
94%
Name.
92%
Wille
92%
Brot
91%
wie
91%
wie
91%
Erden.
90%
Geheiligt
90%
komme.
90%
so
90%
geschehe,
89%
werde
89%
gib
88%
heute.
88%
auf
87%
tägliches
85%
Schuld,
84%
Und
84%
Und
84%
und
84%
und
84%
unsere
83%
auch
80%
vergib
80%
vergeben
79%
wir
78%
in
70%
in
70%
nicht
65%
Schuldigern.
65%
Versuchung,
65%
führe
61%
erlöse
58%
sondern
53%
von
52%
Bösen.
51%
dem
50%
Denn
50%
Amen.
49%
die
49%
die
49%
ist
49%
das
47%
Ewigkeit.
46%
Kraft
45%
unsern
43%
Herrlichkeit
42%
Keine übereinstimmenden Quizze gefunden
Verteilung der Resultate
Anzahl Personen mit jedem Resultat
Perzentil nach korrekt beantworteten Fragen
Ihre Resultats-Entwicklung
Sie haben dieses Quiz noch nicht gespielt